000 00723nam a2200253Ia 4500
003 OSt
005 20220918220839.0
006 a|||||r|||| 00| 0
007 ta
008 220917b |||||||| |||| 00| 0 eng d
024 _a147,253
037 _cTextual
040 _aARTS
_cARTS
_beng
041 _2eng
_aeng
082 _aY31:7:7.281, M6
100 _aGangrade K D
_980922
245 0 _aSocial work and development
_b Role of religion and caste in three Delhi Village
260 _aNew Delhi
_bNorthern Book
_c1986
300 _aviii, 132p.
_ccm.
500 _aBibliography p124-130
650 _aSOCIOLOGY
942 _hY31:7:7.281, M6
_cTEXL
_2CC
999 _c270007
_d270007